00729nam a2200193 a 450000100100000000500170001000800410002704000250006808200210009310000260011424000750014024501470021525000110036226000560037330000210042950000270045070000240047770000340050100003476320200930073904.0111019s1971 sp 000 0 spa d aDO-SdBNPbspacBNPHU axxxbV768m, 19711 aVincent Peale, Norman10aInspiring messages for daily living y the healing of sorrowlespañol10aMensaje inspirados para la vida diaria y confortando en el dolor /cNorman Vincent Peale ; traductores Ángel Arnau y Amparo García Burgos. a2a ed. aBarcelona :aMéxico :bEdiciones Grijalbo,c1971. a259 p. ;c22 cm. aTraducido del inglés1 aArnau, Ángel,etr1 aGarcía Burgos, Amparo,etr.